000 00352nam a22001337a 4500
003 OSt
005 20250210115002.0
008 250210b |||||||| |||| 00| 0 eng d
040 _c
082 _a629.892
_bYAS
245 _aFirst course in aerial robots and drones
_cYasmina Bes.Sebbane
_hEnglish
260 _bchapman
942 _2ddc
_cBK
_k629.892
_mYAS
_n0
999 _c36119
_d36119